Anna Bella Geiger : (Record no. 793)

MARC details
000 -LEADER
campo de control de longitud fija 02375cam a22006254a 4500
001 - NÚMERO DE CONTROL
campo de control 6324379
005 - FECHA Y HORA DE LA ÚLTIMA TRANSACCIÓN
campo de control 20220326193338.0
006 - CÓDIGOS DE INFORMACIÓN DE LONGITUD FIJA--CARACTERÍSTICAS DEL MATERIAL ADICIONAL
campo de control de longitud fija g--- vl
008 - DATOS DE LONGITUD FIJA--INFORMACIÓN GENERAL
campo de control de longitud fija 071016s2007 bl a b 000 0dpor c
020 ## - NÚMERO INTERNACIONAL ESTÁNDAR DEL LIBRO
Número Internacional Estándar del Libro 9788577340408
020 ## - NÚMERO INTERNACIONAL ESTÁNDAR DEL LIBRO
Número Internacional Estándar del Libro 8577340406
035 ## - NÚMERO DE CONTROL DEL SISTEMA
Número de control de sistema (OCoLC)ocn174311599
035 ## - NÚMERO DE CONTROL DEL SISTEMA
Número de control de sistema (OCoLC)174311599
035 ## - NÚMERO DE CONTROL DEL SISTEMA
Número de control de sistema (NNC)6324379
040 ## - FUENTE DE CATALOGACIÓN
Centro catalogador/agencia de origen STF
Centro/agencia transcriptor STF
041 1# - CÓDIGO DE IDIOMA
Código de lengua del texto/banda sonora o título independiente por
-- eng
-- spa
Código de lengua original por
042 ## - CÓDIGO DE AUTENTICACIÓN
Código de autenticación pcc
082 ## - NÚMERO DE LA CLASIFICACIÓN DECIMAL DEWEY
Número de clasificación 709.81
Número de ítem N322a
100 ## - ENTRADA PRINCIPAL--NOMBRE DE PERSONA
Nombre de persona Adolfo Montejo Navas
9 (RLIN) 4231
245 00 - MENCIÓN DEL TÍTULO
Título Anna Bella Geiger :
Resto del título territórios, passagens, situações /
Mención de responsabilidad, etc. Adolfo Montejo Navas,
246 30 - FORMA VARIANTE DEL TITULO
Título propio/Titulo breve Territórios, passagens, situações
260 ## - PUBLICACIÓN, DISTRIBUCIÓN, ETC.
Lugar de publicación, distribución, etc. [Rio de Janeiro?] :
Nombre del editor, distribuidor, etc. Casa da Palavra,
Fecha de publicación, distribución, etc. [2007]
300 ## - DESCRIPCIÓN FÍSICA
Extensión 354 p. :
Otras características físicas ill. (col.) ;
Dimensiones 29 cm. +
Material acompañante/anejo 1 videodisc (4 3/4 in.)
500 ## - NOTA GENERAL
Nota general Accompanying DVD entitled: Anna Bella Geiger : videofragmentos, 1974-2006
504 ## - NOTA DE BIBLIOGRAFÍA, ETC.
Nota de bibliografía, etc. Includes bibliographical references (p. [337]-344).
505 ## - NOTA DE CONTENIDO CON FORMATO
Título visor 1
-- Ensaios Centrais
-- visor 2
-- visor 3
-- Perfil de artista
-- visor 4
-- Poéticas da artista
-- visor 5
-- Fortuna Critica
-- visor 6
-- Cronologia
-- versao ingles
-- versao español
-- visor 7
-- bibliografia
-- Relacao de obras
-- Creditos de fotografias
-- visor 8
-- encarte DVD
546 ## - NOTA DE IDIOMA
Nota de lengua/lenguaje In Portuguese with accompanying English and Spanish translations.
600 10 - PUNTO DE ACCESO ADICIONAL DE MATERIA--NOMBRE DE PERSONA
Nombre de persona Geiger, Anna Bella. 1933-
9 (RLIN) 4232
650 ## - PUNTO DE ACCESO ADICIONAL DE MATERIA--TÉRMINO DE MATERIA
Término de materia o nombre geográfico como elemento de entrada Arte moderno
Subdivisión general Critica e interpretacion
Subdivisión geográfica Brasil
9 (RLIN) 4233
700 1# - ENTRADA AGREGADA--NOMBRE PERSONAL
Nombre de persona Montejo Navas, Adolfo.
9 (RLIN) 4234
700 1# - ENTRADA AGREGADA--NOMBRE PERSONAL
Nombre de persona Geiger, Anna Bella.
9 (RLIN) 4235
700 1# - ENTRADA AGREGADA--NOMBRE PERSONAL
Nombre de persona Brett, Guy
9 (RLIN) 4313
700 1# - ENTRADA AGREGADA--NOMBRE PERSONAL
Nombre de persona Stempel, Karin
9 (RLIN) 4314
700 1# - ENTRADA AGREGADA--NOMBRE PERSONAL
Nombre de persona Barja, Wagner
9 (RLIN) 4315
700 1# - ENTRADA AGREGADA--NOMBRE PERSONAL
Nombre de persona Farias, Agnaldo
9 (RLIN) 4316
700 1# - ENTRADA AGREGADA--NOMBRE PERSONAL
Nombre de persona Cocchiarale, Fernando
9 (RLIN) 4317
700 1# - ENTRADA AGREGADA--NOMBRE PERSONAL
Nombre de persona Perez, Amador
9 (RLIN) 4318
700 1# - ENTRADA AGREGADA--NOMBRE PERSONAL
Nombre de persona Mattos, Armando
9 (RLIN) 4319
700 1# - ENTRADA AGREGADA--NOMBRE PERSONAL
Nombre de persona Jobim, Beth
9 (RLIN) 4320
700 1# - ENTRADA AGREGADA--NOMBRE PERSONAL
Nombre de persona N., Bob
9 (RLIN) 4321
700 1# - ENTRADA AGREGADA--NOMBRE PERSONAL
Nombre de persona Carvalho, Bruno
9 (RLIN) 4322
700 1# - ENTRADA AGREGADA--NOMBRE PERSONAL
Nombre de persona Machado, Ivens
9 (RLIN) 4323
700 1# - ENTRADA AGREGADA--NOMBRE PERSONAL
Nombre de persona Boechat, Paula
9 (RLIN) 4324
700 1# - ENTRADA AGREGADA--NOMBRE PERSONAL
Nombre de persona Pedrosa, Mário
9 (RLIN) 4325
700 1# - ENTRADA AGREGADA--NOMBRE PERSONAL
Nombre de persona Bittencourt, Francisco
9 (RLIN) 4326
700 1# - ENTRADA AGREGADA--NOMBRE PERSONAL
Nombre de persona Ginle Filho, Jorge
9 (RLIN) 4327
700 1# - ENTRADA AGREGADA--NOMBRE PERSONAL
Nombre de persona Ashton, Dore
9 (RLIN) 4328
700 1# - ENTRADA AGREGADA--NOMBRE PERSONAL
Nombre de persona Chiarelli, Tadeu
9 (RLIN) 4329
700 1# - ENTRADA AGREGADA--NOMBRE PERSONAL
Nombre de persona Fabris, Annateresa
9 (RLIN) 4330
700 1# - ENTRADA AGREGADA--NOMBRE PERSONAL
Nombre de persona Fabris, Mariarosaura
9 (RLIN) 4331
700 1# - ENTRADA AGREGADA--NOMBRE PERSONAL
Nombre de persona Doctors, Márcio
9 (RLIN) 4332
740 02 - ENTRADA AGREGADA--TÍTULO RELACIONADO/ANALÍTICO NO CONTROLADO
Título relacionado o analítico no controlado Videofragmentos, 1974-2006.
948 1# - PROCESAMIENTO DE INFORMACIÓN LOCAL (OCLC); DESIGNADOR DE PARTE DE LA SERIE (RLIN)
Designador de la parte de la serie, SPT (RLIN) 20071105
b (OCLC) c
c (OCLC) rhg9
d (OCLC) SCMC
Holdings
Estatus retirado Estado de pérdida Fuente del sistema de clasificación o colocación Estado de daño No para préstamo Biblioteca de origen Biblioteca actual Ubicación en estantería Fecha de adquisición Total de préstamos Signatura topográfica completa Código de barras Visto por última vez Precio de reemplazo Tipo de ítem Koha
    Clasificación Decimal Dewey     Biblioteca LadoV Biblioteca LadoV   25/11/2015   709.81 N322a 000793 25/11/2015 25/11/2015 Material 01